000 01492cam a2200373 i 4500
001 42288
003 Mx-PuUPA
005 20260507094701.0
008 140415s2023 mx a gr 000 0 spa d
020 _a9786071682666
040 _aMx-PuUPA
_bspa
_cMx-PuUPA
_dMx-PuUPA
_erda
041 1 _aspa
_hita
100 1 _aCingolani, Roberto,
_918072
_eautor
240 1 0 _aUmani e umanoidi. Vivere com i robot.
_lEspañol
245 1 0 _aHumanos y humanoides :
_bla vida con robots /
_cRoberto Cingolani, Giorgio Metta ; traducción de, Guillermina del Carmen Cuevas Mesa
250 _aPrimera edición
264 1 _aCiudad de México :
_bFondo de Cultura Económica,
_c©2023
300 _a143 páginas :
_bilustraciones ;
_c23 cm
336 _2rdacontent
_atexto
_btxt
337 _2rdamedia
_asin medio
_bn
338 _2rdacarrier
_avolumen
_bnc
490 0 _aColección Ciencia y Tecnología
650 7 _2armarc
_aRobótica
650 7 _2armarc
_aRobótica
_xAspectos morales y éticos
650 7 _2armarc
_aTecnología
_xAspectos sociales
650 7 _2armarc
_aCiencia y tecnología
_ySiglo XXI
700 1 _aMetta, Giorgio,
_eautor
700 1 _aCuevas Mesa, Guillermina del Carmen,
_etraductor
765 0 _aCingolani, Roberto,
_tUmani e umanoidi. Vivere con i robot.
_dBologna : Societá editrice II Mulino, ©2015
942 _2ddc
_cLI
_h629.892
_iC5718
999 _c42288
_d42288